000
00320 a2200133 4500
001
155338
040
_c
Escola São Tomás de Aquino
240
1
0
_a
Somando novos talentos para o Brasil
_l
por
245
1
0
_a
Somando novos talentos para o Brasil
300
_a
164
362
0
_a
2007
697
_a
MATEMÁTICA
942
_c
BK
999
_c
155338
_d
155338